Quizzes
Events
Quiz Creation
Community
Videos
Private Events
Remove Ads
Sign In
Join for FREE
Feedback
Dark Mode
Quiz Categories
Sports
Geography
Music
Movies
Television
Just For Fun
Miscellaneous
History
Literature
Language
Science
Gaming
Entertainment
Religion
Holiday
For Kids
Quiz Lab
Recent
Popular Today
Quiz Kudos Today
Editor Picks
Curator Picks
Quizzes by...
Day
Popularity
Type
Ratings
Length
Year
Community
Subscriptions
Recent Discussions
Orange Saloon
Badges
Playlists
Quests
Create
Leaderboards
Showdown
Live 5
Trivia Bingo
Activity
Puzzle Library
Sporcle Events
Private Events
Virtual Trivia
Globe League
Become a Host
Pub Owners
SporcleCon
Opinionation
Our Games
Videos
Blog
Mobile Apps
Partnerships
Remove Ads and Go Orange
Feedback
Sports
Athletes
MLB
NBA
NHL
NFL
Soccer
Sports Teams
WWE
NCAA
Football
Premier League
Basketball
Baseball
Hockey
Golf
Tennis
Cricket
Rugby
Auto Racing
Olympics
World Cup
Sports
Athletes
MLB
NBA
NHL
NFL
Soccer
Sports Teams
WWE
NCAA
Football
Premier League
Basketball
Baseball
Hockey
Golf
Tennis
Cricket
Rugby
Auto Racing
Olympics
World Cup
Random Quiz
Search Sporcle
×
Quiz Lab
Quiz Lab
Sports
NCAA
Type in answers that appear in a list
Type in answers that appear in a list
Classic
Best Score? Go Orange.
3-Seeds or Lower to reach Final Four Stats
Can you name the NCAA teams seeded 3 or lower to reach the Final Four?
By
jeffrey226
6m
40 Questions
562 Plays
562 Plays
562 Plays
Comments
Comments
Give Quiz Kudos
Give Quiz Kudos
-
- Ratings
hide this ad
More Info
Replay
Link that replays current quiz
Next Quiz
Link to next quiz in quiz playlist
You Got
0%
They Got
Avg Score
82%
Avg Friend Score
Upgrade to see
Score Distribution
Jump to the score distribution portion of the page
Score
0/40
Timer
06:00
0
Plays Today
Year
Team
% Correct
1992
Michigan Wolverines
96.1%
1989
Michigan Wolverines
96.1%
2010
Butler Bulldogs
95.9%
2010
Michigan State Spartans
93.4%
2005
Michigan State Spartans
93.4%
1990
Duke Blue Devils
93.2%
2006
Florida Gators
93.1%
2000
Florida Gators
93.1%
1994
Florida Gators
93.1%
2000
North Carolina Tar Heels
92.5%
1991
Kansas Jayhawks
91.3%
1988
Kansas Jayhawks
91.3%
2006
George Mason Patriots
90.7%
2003
Syracuse Orange
90.7%
1996
Syracuse Orange
90.7%
2002
Indiana Hoosiers
88.8%
2009
Villanova Wildcats
88.3%
1985
Villanova Wildcats
88.3%
2006
LSU Tigers
85.8%
1986
LSU Tigers
85.8%
Year
Team
% Correct
1997
Arizona Wildcats
84.9%
2005
Louisville Cardinals
84.5%
2011
Butler Bulldogs
80.2%
2004
GA Tech Yellow Jackets
78.6%
1990
GA Tech Yellow Jackets
78.6%
2000
Wisconsin Badgers
77.9%
2011
Kentucky Wildcats
77%
2011
Connecticut Huskies
77%
1998
Utah Utes
76.5%
1999
Ohio State Buckeyes
76.3%
2011
VCU Rams
75.3%
2001
Maryland Terrapins
75.1%
2003
Marquette Golden Eagles
73.1%
1995
Oklahoma State Cowboys
72.6%
1990
Arkansas Razorbacks
68.5%
1998
Stanford Cardinal
67.3%
1989
Seton Hall Pirates
62.8%
1992
Cincinnati Bearcats
59.4%
1996
Mississippi State Bulldogs
53%
1987
Providence Friars
51.1%
Quiz Playlist
Details
Report
Send in Message
Add To Playlist
More Info:
NOTE: Men's tournament only; since creation of 64 team field. LEFT COLUMN=SEED, REGION
Classic:
Type in answers that appear in a list
Quiz Source
Last Updated: Feb 16, 2017
Quiz Scoreboard
CHALLENGE
Sign Up to Join the Scoreboard
Show All
Scores
Hide
Comments
May contain spoilers
Recently Published
One Thing in Common: World Cities II
by knightlancer
Geography
7m
Popular People in 1961
by mucciniale
History
6m
1-10 Letter E Words III
by El_Dandy
Language
2m
More to Explore
Quiz From the Vault
Featured Blog Post
Where Did the Easter Bunny Come From?
hide this ad
You Might Also Like...
Tags
Basketball Quiz
NCAA Quiz
Championship
Final Four
March Madness
NCAA Tournament
Seed
Tournament
Today's Top Quizzes in Sports
Browse Sports
hide this ad
Today's Top Quizzes in NCAA
Browse NCAA
Top Contributed Quizzes in Sports
1
Les meilleurs buteurs des matchs entre le PSG et l’OM
2
Les entraîneurs de l'OM et du PSG au 21e siècle
3
2022 World Cup Stars
4
FIFA Club World Cup Champions
5
Name the Premier League winners with different clubs
6
La finale Lions - Afrique du Sud 2021
7
Criteria MLB: Left Handed Sluggers
8
Players with Multiple 50 Home Run Seasons
9
MLB Players with Two .350 Batting Average Seasons
10
MLB Hall of Famer by Rings
Explore More
Trending Topics
Anime
Kpop
Crossword
Disney
Harry Potter
Marvel
NBA
Puzzle
WWE
Country
Soccer
Pokémon
The Office
Song
NFL
hide this ad
More By:
jeffrey226
Quiz
Plays
Rating
Category
Featured
Created
Sports chain
3,896
3.11
Sports
Feb 15, 2011
Players to hold the All-Time Home Run Record
1,339
3.18
Sports
Mar 26, 2011
Countries Without 'A'
1,126
3.44
Geography
Mar 2, 2011
Top 3 Universities By State
732
4.38
Just For Fun
Feb 6, 2011
NCAA National Championship Starting Lineups (2005-)
721
4.75
Sports
Mar 18, 2011
Go to Creator's Profile
Score Distribution
Quiz Creator Spotlight
jeffrey226
Follow
Send a Message
Quizzes Created
-
Created Quiz Play Count
-
More By This Creator
Popular Quizzes Today
1
Find the US States - No Outlines Minefield
2
The Countries of the World
3
Popular People in 1961
4
Find the Countries of Europe - No Outlines Minefield
5
1-10 Letter E Words III
6
Find the US States
7
One Thing in Common: World Cities II
8
US States
More Sports Quizzes
WWE Wrestlers With The Most...
Quiz Lab
Trending Quizzes
1-10 Letter F Words
1-10 Letter G Words
Risky Map Clicking: Next State Alphabetically
1-10 Letter F Words II
Risky Map Clicking: States by Unique Starting Letters
Recently Updated
Leaping Animals
pecheneg
Reality TV Shows (A-Z)
bhenderson79
Rickey Henderson's Hall of Fame Teammates
pecheneg
Champions League XIs: Arsenal
pecheneg
Quick Pick: Celebrities in WWE's Hall of Fame
aduchscher
A-Z Keypad Blitz II
pecheneg
Multiple Oscar Actors
pecheneg
Mystery Phrase Blitz: Oscar 'Best Actors'
pecheneg
F. Scott Fitzgerald Novels
LTH
Pick 3 Villains
ddd62291
Trending Topics
Disney
Harry Potter
Anime
Kpop
NBA
Crossword
Marvel
WWE
Song
NFL
Country
Soccer
The Office
Pokémon
Puzzle
Your Account Isn't Verified!
In order to create a playlist on Sporcle, you need to verify the email address you used during registration. Go to your
Sporcle Settings
to finish the process.
Report this User
Report this user for behavior that violates our
Community Guidelines
.
Details:
Send Report
Go to the Sporcle.com Mobile Site →
Comments